[Event "NM for klubblag"]
[Site "Drammen"]
[Date "2010.10.09"]
[Round "4"]
[White "Grebstad, Kjell Børre"]
[Black "Kongevold, Hans-Inge"]
[Result "1-0"]
[WhiteElo "1840"]
[BlackElo "1961"]
[PlyCount "99"]
[EventDate "2011.??.??"]
[WhiteTeam "Stjernen SK"]
[BlackTeam "Moss Schakklub 1"]

1. d4 f5 2. c4 Nf6 3. Nc3 d6 4. Nf3 g6 5. g3 Bg7 6. Bg2 O-O 7. O-O Nc6 8. d5
Na5 9. Qd3 c5 10. Nd2 Ng4 11. Nf3 a6 12. Bf4 Ne5 13. Bxe5 dxe5 14. e4 Nc6 15.
Rfe1 f4 16. Na4 Qd6 17. Qa3 Nb4 18. Qb3 b5 19. Nc3 bxc4 20. Qxc4 Nc2 21. Nb5
axb5 22. Qxc2 Bg4 23. Nd2 Bh6 24. f3 Bd7 25. g4 Rfc8 26. b3 c4 27. bxc4 bxc4
28. Bf1 c3 29. Nb3 Bg5 30. Red1 h5 31. gxh5 gxh5 32. Rd3 Qb4 33. Rc1 Qb6+ 34.
Kh1 Kh7 35. Qg2 Rg8 36. Qc2 Bh4 37. Bg2 Rgc8 38. Rxc3 Rxc3 39. Qxc3 Rxa2 40.
Nc5 Qg6 41. Rg1 Bf2 42. Nxd7 Bxg1 43. Nf8+ Kh6 44. Nxg6 Bd4 45. Qc4 Ra1+ 46.
Bf1 Kxg6 47. Kg2 Kg5 48. Qc8 Ra2+ 49. Kh3 Bg1 50. Bg2 1-0

[Event "NM for klubblag"]
[Site "Drammen"]
[Date "2010.10.09"]
[Round "4"]
[White "Byklum, Bjørnar"]
[Black "Lien, Kjell Håkon"]
[Result "1-0"]
[WhiteElo "2296"]
[BlackElo "1453"]
[PlyCount "83"]
[EventDate "2011.??.??"]
[WhiteTeam "SOSS (Oslo)"]
[BlackTeam "Hønefoss SK 2"]

1. d4 Nf6 2. c4 e5 3. dxe5 Ng4 4. e4 Nxe5 5. f4 Nbc6 6. Nc3 Ng6 7. Be3 b6 8.
Nf3 Bb4 9. Qd2 d6 10. Bd3 Bb7 11. O-O O-O 12. a3 Bc5 13. b4 Nxb4 14. axb4 Bxb4
15. Qb2 a5 16. Nd5 Bc5 17. Bxc5 dxc5 18. f5 Ne7 19. f6 Nxd5 20. fxg7 Re8 21.
exd5 Re3 22. Ra3 Qe7 23. Bb1 Re2 24. Qc3 Re8 25. Qd3 Qe3+ 26. Qxe3 R8xe3 27.
Rxe3 Rxe3 28. Ng5 Re7 29. Bxh7+ Kxg7 30. Bd3 c6 31. d6 Rd7 32. Ne4 Bc8 33. g4
a4 34. Ra1 Ra7 35. Kf2 Be6 36. Nc3 a3 37. Be4 Bxc4 38. Bxc6 Kf8 39. Nb5 Bxb5
40. Bxb5 Ra8 41. d7 Ke7 42. Re1+ 1-0

[Event "NM for klubblag"]
[Site "Drammen"]
[Date "2010.10.09"]
[Round "4"]
[White "Røine, Morten"]
[Black "Harestad, Hans Krogh"]
[Result "0-1"]
[WhiteElo "1439"]
[BlackElo "2248"]
[PlyCount "66"]
[EventDate "2011.??.??"]
[WhiteTeam "Hønefoss SK 2"]
[BlackTeam "SOSS (Oslo)"]

1. Nc3 d5 2. e4 d4 3. Nce2 e5 4. Nf3 Nc6 5. Ng3 Bd6 6. Bc4 Na5 7. Be2 c5 8. d3
Ne7 9. Bd2 O-O 10. c3 f6 11. cxd4 cxd4 12. b4 Nac6 13. a3 Be6 14. O-O a5 15. b5
Nb8 16. a4 Nd7 17. Nh4 Nc5 18. Rb1 Nc8 19. Nhf5 Nb6 20. f4 Nbxa4 21. fxe5 Bxe5
22. Nh5 Bxf5 23. exf5 Nc3 24. Bxc3 dxc3 25. Qc2 a4 26. Rb4 Rf7 27. Nf4 Qd6 28.
Kh1 Nb3 29. Rc4 Nd4 30. Rxd4 Qxd4 31. g3 Bxf4 32. Rxf4 Qd5+ 33. Bf3 Qb3 0-1

[Event "NM for klubblag"]
[Site "Drammen"]
[Date "2010.10.09"]
[Round "4"]
[White "Stenersen, Gudmund"]
[Black "Granum, Roger"]
[Result "1-0"]
[WhiteElo "2200"]
[BlackElo "1380"]
[PlyCount "95"]
[EventDate "2011.??.??"]
[WhiteTeam "SOSS (Oslo)"]
[BlackTeam "Hønefoss SK 2"]

1. e4 c5 2. Nf3 e6 3. d4
cxd4 4. Nxd4 Nc6 5. Nc3 a6 6. Nxc6 bxc6 7. Bd3 Bc5 8. Qg4 Qf6 9. O-O h6 10. Qg3
e5 11. Na4 Ba7 12. Be3 Ne7 13. Nb6 Bxb6 14. Bxb6 Ng6 15. a4 d6 16. a5 O-O 17.
Rfd1 Be6 18. Ra3 d5 19. Rc3 Rfc8 20. exd5 Bxd5 21. Bxa6 Rxa6 22. Rxd5 Nf4 23.
Rd2 Raa8 24. Qf3 e4 25. Qg4 Re8 26. Bd4 Qg5 27. Qxg5 hxg5 28. g3 Nh3+ 29. Kg2
g4 30. Bb6 Rac8 31. b4 Ng5 32. Rd6 Nf3 33. Rdxc6 Rb8 34. Kf1 Nxh2+ 35. Ke2 Nf3
36. Ke3 Ne5 37. Rc7 Ng6 38. R7c5 f6 39. R3c4 f5 40. Rxf5 Ne5 41. Rxe5 Rxe5 42.
Rxe4 Rxb6 43. axb6 Rb5 44. Rxg4 Rxb6 45. Kd3 g6 46. Kc3 Kf7 47. Rg5 Kf6 48. f4
1-0

[Event "NM for klubblag"]
[Site "Drammen"]
[Date "2010.10.09"]
[Round "4"]
[White "Tingstad, Tormod"]
[Black "Zachariassen, Bjarne"]
[Result "0-1"]
[WhiteElo "1077"]
[BlackElo "1944"]
[PlyCount "54"]
[EventDate "2011.??.??"]
[WhiteTeam "Hønefoss SK 2"]
[BlackTeam "SOSS (Oslo)"]

1. c4 e5 2. Nc3 Nf6 3. g3 Nc6 4. Bg2 Bc5 5. e3 d5 6. Nxd5 Nxd5 7. Bxd5 Nb4 8.
Qb3 c6 9. a3 Nxd5 10. cxd5 Qxd5 11. Qxd5 cxd5 12. b4 Bd6 13. Bb2 O-O 14. Nf3 f6
15. O-O Bf5 16. Kg2 Rac8 17. Rac1 Kf7 18. d4 Be4 19. h4 h5 20. dxe5 fxe5 21.
Rxc8 Rxc8 22. Rc1 Rxc1 23. Bxc1 Ke6 24. Bb2 Kf5 25. g4+ Kxg4 26. Kh2 Bxf3 27.
Bc3 Kxh4 0-1

[Event "NM for klubblag"]
[Site "Drammen"]
[Date "2010.10.09"]
[Round "4"]
[White "Thanke, Bror"]
[Black "Ulvnes, Roar"]
[Result "1/2-1/2"]
[WhiteElo "2088"]
[BlackElo "1945"]
[PlyCount "50"]
[EventDate "2011.??.??"]
[WhiteTeam "Nordstrand SK 1"]
[BlackTeam "Nordstrand SK 2"]

1. e4 c5 2. Nf3 d6 3. Bb5+ Bd7 4. c4 Nc6 5. d4 cxd4 6. Nxd4 Nf6 7. Nc3 g6 8.
O-O Bg7 9. Nxc6 bxc6 10. Ba4 O-O 11. Bg5 Qa5 12. Qd2 Rfd8 13. h3 Rab8 14. Bb3
Be6 15. Rad1 Rd7 16. Rfe1 Qb4 17. Qe2 Ne8 18. Bd2 Qb7 19. Be3 Nc7 20. f4 d5 21.
cxd5 cxd5 22. e5 d4 23. Rxd4 Rxd4 24. Bxd4 Bxb3 25. axb3 Ne6 1/2-1/2

[Event "NM for klubblag"]
[Site "Drammen"]
[Date "2010.10.09"]
[Round "4"]
[White "Aarnes, Carl Chr"]
[Black "Sørgjerd, Jan"]
[Result "1/2-1/2"]
[WhiteElo "1598"]
[BlackElo "1983"]
[PlyCount "111"]
[EventDate "2011.??.??"]
[WhiteTeam "Nordstrand SK 2"]
[BlackTeam "Nordstrand SK 1"]

1. d4 d5 2. c4 c6 3. cxd5 cxd5 4. g3 Nc6 5. Nf3 Nf6 6. Bg2 e6 7. O-O Be7 8. Nc3
O-O 9. a3 b6 10. b4 Bb7 11. Bb2 Rc8 12. Rc1 h6 13. Qb3 Ne4 14. Rfd1 Nd6 15. e3
Bf6 16. Bf1 Nc4 17. Nd2 Nd6 18. Nb5 Nf5 19. Bd3 a6 20. Nc3 Nd6 21. a4 Be7 22.
Ba3 Qd7 23. Nf3 Nc4 24. Bxc4 dxc4 25. Qxc4 Nxb4 26. Ne5 Qd8 27. Qb3 a5 28. e4
Rxc3 29. Qxc3 Bxe4 30. Bxb4 Bxb4 31. Qe3 Qa8 32. f3 Bd5 33. Kf2 Qb7 34. Rc2 b5
35. axb5 Qxb5 36. Rb1 Qa4 37. Qd3 Rd8 38. Rbc1 Bb3 39. Rc8 Qa2+ 40. Qe2 Qxe2+
41. Kxe2 Rf8 42. Rxf8+ Kxf8 43. Nc6 Bd5 44. Ne5 Bd6 45. Ra1 Bb4 46. Kd3 f6 47.
Nc4 Bxf3 48. Nxa5 Bxa5 49. Rxa5 Kf7 50. Ke3 Bd5 51. h4 h5 52. Ra7+ Kg6 53. Kf4
Kh6 54. Rd7 g5+ 55. Ke3 Kg6 56. Rd8 1/2-1/2

[Event "NM for klubblag"]
[Site "Drammen"]
[Date "2010.10.09"]
[Round "4"]
[White "Glenn, Bjørn-Erik"]
[Black "Dyrnes, Jussi"]
[Result "1-0"]
[WhiteElo "2126"]
[BlackElo "1766"]
[PlyCount "57"]
[EventDate "2011.??.??"]
[WhiteTeam "Nordstrand SK 1"]
[BlackTeam "Nordstrand SK 2"]

1. d4 {[%emt 0:00:00]} Nf6 2. c4 d6 3. Nc3 e5 4. Bg5 Be7 5. Nf3 exd4 6. Nxd4
O-O 7. e3 Bd7 8. Bd3 Nc6 9. Nf5 Bxf5 10. Bxf5 Ne5 11. Qd4 Ng6 12. h4 h5 13.
O-O-O Ne5 14. Rh3 Nfg4 15. Bxe7 Qxe7 16. Nd5 Qd8 17. Bxg4 hxg4 18. Rg3 Qxh4 19.
Rxg4 Nxg4 20. Qxg4 g5 21. Qf5 Qh6 22. Rd4 f6 23. Nxc7 Rac8 24. Ne6 Rfe8 25. Qd5
Kh8 26. g4 b5 27. Rd1 Rxc4+ 28. Kd2 Kg8 29. Nxg5+ 1-0

[Event "NM for klubblag"]
[Site "Drammen"]
[Date "2010.10.09"]
[Round "4"]
[White "Gaarder, Hans K"]
[Black "Gyldenås, Ole Jørn"]
[Result "0-1"]
[WhiteElo "1353"]
[BlackElo "1917"]
[PlyCount "70"]
[EventDate "2011.??.??"]
[WhiteTeam "Nordstrand SK 2"]
[BlackTeam "Nordstrand SK 1"]

1. d4 d5 2. c4 c6 3. cxd5 cxd5 4. Nf3 {[%emt 0:00:00]} Nf6 5. g3 Nc6 6. Bg2 g6
7. O-O Bg7 8. Nc3 O-O 9. Bf4 Bg4 10. h3 Bxf3 11. Bxf3 e6 12. Rc1 Ne8 13. Be3
Nd6 14. h4 h6 15. h5 g5 16. Bg2 Nf5 17. Qd2 Ncxd4 18. Bxd4 Nxd4 19. e4 dxe4 20.
Qe3 f5 21. Rfd1 Qb6 22. Na4 Nf3+ 23. Kh1 Qxe3 24. fxe3 b6 25. Rd6 Rac8 26. Nc3
Rfd8 27. Rxe6 Kf7 28. Rg6 Ne5 29. Rxg7+ Kxg7 30. Bf1 Rd2 31. Ba6 Nf3 32. Be2
Rxc3 33. Rxc3 Rxe2 34. Rc7+ Kf8 35. Rc8+ Ke7 0-1

[Event "NM for klubblag"]
[Site "Drammen"]
[Date "2010.10.09"]
[Round "4"]
[White "Stray, Gunnar"]
[Black "Harr, Jon Kristian"]
[Result "1/2-1/2"]
[WhiteElo "1974"]
[BlackElo "2205"]
[PlyCount "83"]
[EventDate "2011.??.??"]
[WhiteTeam "Moss Schakklub 2"]
[BlackTeam "Stavanger SK 2"]

1. d4 d5 2. Nf3 Nf6 3. e3 c6 4. c4 a6 5. c5 Ra7 6. Nc3 Bg4 7. Be2 Nbd7 8. O-O
Qc7 9. Nd2 Bf5 10. f4 h5 11. Nf3 e6 12. b4 Be7 13. a4 b6 14. Bd2 O-O 15. Ne5 g6
16. h3 bxc5 17. bxc5 h4 18. Be1 Ne4 19. Nxe4 Bxe4 20. Nf3 Qd8 21. a5 f5 22. Qa4
Bxf3 23. Rxf3 Qa8 24. Rb1 Rb8 25. Rb6 Rc8 26. g3 hxg3 27. Rxg3 Kf7 28. Rf3 Nb8
29. Bg3 Rh8 30. Bf1 Bd8 31. Rb2 Rb7 32. Rff2 Rb5 33. Bxb5 cxb5 34. Qa1 Rxh3 35.
Kg2 Rh7 36. Rf1 Nc6 37. Rh1 Rxh1 38. Qxh1 Kg7 39. Be1 Bf6 40. Kf3 Qg8 41. Rh2
Bd8 42. Ra2 1/2-1/2

[Event "NM for klubblag"]
[Site "Drammen"]
[Date "2010.10.09"]
[Round "4"]
[White "Selbekk, Vebjørn"]
[Black "Kvisla, Johannes"]
[Result "1/2-1/2"]
[WhiteElo "1796"]
[BlackElo "2078"]
[PlyCount "87"]
[EventDate "2011.??.??"]
[WhiteTeam "Moss Schakklub 2"]
[BlackTeam "Stavanger SK 2"]

1. d4 e6 2. c4 f5 3. g3 Nf6 4. Bg2 c6 5. Nh3 d6 6. Nc3 Be7 7. O-O O-O 8. b3 Qe8
9. Bb2 e5 10. dxe5 dxe5 11. e3 h6 12. Ne2 Bc5 13. a3 a5 14. b4 Bb6 15. c5 Bc7
16. bxa5 Be6 17. f4 e4 18. Bxf6 Rxf6 19. Rb1 Rxa5 20. Rxb7 Qc8 21. Rb2 Na6 22.
Nd4 Bd5 23. Qh5 Nxc5 24. Nf2 Rxa3 25. g4 Bf7 26. Nxf5 Qf8 27. Qh4 Bd5 28. Rc1
Nb3 29. Rcb1 Bd8 30. Qh3 Nc5 31. Rb8 Ne6 32. Nxe4 Bxe4 33. Bxe4 Nxf4 34. Qf1
Ne6 35. Qc4 Kh8 36. Rd1 g6 37. Nh4 Qf7 38. Rbxd8+ Nxd8 39. Rxd8+ Kg7 40. Qxf7+
Kxf7 41. Bxg6+ Rxg6 42. Nxg6 Kxg6 43. Rd6+ Kg5 44. Rxc6 1/2-1/2

[Event "NM for klubblag"]
[Site "Drammen"]
[Date "2010.10.09"]
[Round "4"]
[White "Havik, Victor"]
[Black "Antonsen, Helge"]
[Result "1-0"]
[WhiteElo "2078"]
[BlackElo "1398"]
[PlyCount "81"]
[EventDate "2011.??.??"]
[WhiteTeam "Stavanger SK 2"]
[BlackTeam "Moss Schakklub 2"]

1. d4 d5 2. c4 e6 3. Nc3 Nf6 4. cxd5 exd5 5. Bg5 Be7 6. e3 O-O 7. Bd3 c6 8.
Nge2 Nbd7 9. O-O Re8 10. Qc2 h6 11. Bf4 Nf8 12. Rad1 Bd6 13. Bxd6 Qxd6 14. Ng3
Bd7 15. Rfe1 Rad8 16. f3 a6 17. Na4 Bc8 18. a3 Qc7 19. b4 N8d7 20. Rc1 Nb6 21.
Nc5 Nbd7 22. Nb3 Nf8 23. a4 Re7 24. b5 axb5 25. axb5 Rde8 26. Kf2 Bd7 27. bxc6
bxc6 28. Nc5 Ra8 29. Nxd7 Rxd7 30. Qxc6 Qa5 31. Re2 Rda7 32. Nf5 N8d7 33. g4
Qa3 34. Rd1 Qa5 35. Rc2 Qd8 36. Qd6 Kh8 37. Rdc1 Ra2 38. Kg3 Rxc2 39. Rxc2 Ra1
40. Ne7 g6 41. Rc8 1-0

[Event "NM for klubblag"]
[Site "Drammen"]
[Date "2010.10.09"]
[Round "4"]
[White "Persen, Ole Morten"]
[Black "Mikalsen, Erlend"]
[Result "1/2-1/2"]
[WhiteElo "1590"]
[BlackElo "1931"]
[PlyCount "85"]
[EventDate "2011.??.??"]
[WhiteTeam "Modum Sjakklubb"]
[BlackTeam "Alta Sjakklubb"]

1. d4 f5 2. c4 Nf6 3. Nc3 g6 4. g3 Bg7 5. Bg2 O-O 6. Nh3 d6 7. O-O c6 8. f4 Na6
9. Nf2 Qe8 10. e4 fxe4 11. Nfxe4 Nxe4 12. Nxe4 Qf7 13. b3 h6 14. Bb2 Bf5 15.
Qd2 Rad8 16. Rae1 Kh7 17. Rf2 Bc8 18. Rfe2 e5 19. fxe5 dxe5 20. Rf2 Qe7 21.
Rxf8 Qxf8 22. Rf1 Qe7 23. d5 cxd5 24. cxd5 Bf5 25. Qa5 Qc7 26. Qb5 Bxe4 27.
Bxe4 Qc5+ 28. Qxc5 Nxc5 29. Bg2 Rd7 30. Ba3 Na6 31. d6 b5 32. Bh3 Rd8 33. d7 b4
34. Bb2 Nc5 35. Rc1 Nd3 36. Rc8 Bf6 37. Ba1 Kg7 38. Rxd8 Bxd8 39. Bf1 Nc1 40.
Bxe5+ Kf7 41. Kf2 Nxa2 42. Ke3 Ke6 43. Bd4 1/2-1/2

[Event "NM for klubblag"]
[Site "Drammen"]
[Date "2010.10.09"]
[Round "4"]
[White "Mikalsen, Odd Erling"]
[Black "Paulsen, Stig-Atle"]
[Result "1-0"]
[WhiteElo "1759"]
[BlackElo "1516"]
[PlyCount "63"]
[EventDate "2011.??.??"]
[WhiteTeam "Alta Sjakklubb"]
[BlackTeam "Modum Sjakklubb"]

1. e4 e5 2. d4 exd4 3. Qxd4 Nc6 4. Qe3 d6 5. Nc3 Nf6 6. Bd3 Be7 7. Nge2 O-O 8.
O-O Nb4 9. f4 Ng4 10. Qg3 Nxd3 11. cxd3 Bh4 12. Qf3 c6 13. h3 Nh6 14. f5 Bg5
15. Bf4 Bxf4 16. Qxf4 f6 17. Rf2 d5 18. g4 Nf7 19. Rd1 d4 20. Na4 Qa5 21. b3 c5
22. Rc1 b6 23. Qg3 Ba6 24. Nf4 Bb5 25. Ne6 Rfc8 26. g5 Nxg5 27. Nxg5 fxg5 28.
Qxg5 Bxd3 29. f6 Rc7 30. Qd5+ Kf8 31. Qxa8+ Kf7 32. fxg7+ 1-0

[Event "NM for klubblag"]
[Site "Drammen"]
[Date "2010.10.09"]
[Round "4"]
[White "Leite, Steinar"]
[Black "Jacobsen, Alf Gøran"]
[Result "1-0"]
[WhiteElo "1365"]
[BlackElo "1618"]
[PlyCount "79"]
[EventDate "2011.??.??"]
[WhiteTeam "Modum Sjakklubb"]
[BlackTeam "Alta Sjakklubb"]

1. e4 c6 2. c4 d5 3. exd5 cxd5 4. cxd5 Qxd5 5. Nc3 Qd8 6. Bc4 Nf6 7. Qb3 e6 8.
Nf3 Nc6 9. O-O Be7 10. Re1 O-O 11. Qd1 Bc5 12. d3 a6 13. a4 Na5 14. Ba2 Nc6 15.
Bg5 Qb6 16. Qd2 Ng4 17. Be3 Nxe3 18. fxe3 Rd8 19. Rad1 Qc7 20. d4 Ba7 21. Qf2
Nb4 22. Bb1 Nd5 23. Qh4 h6 24. Ne4 b5 25. Rc1 Qe7 26. Qxe7 Nxe7 27. axb5 axb5
28. Nc5 Rb8 29. Bd3 f6 30. b4 e5 31. Bf1 exd4 32. Nxd4 Nd5 33. Nc6 Bxc5 34.
Rxc5 Be6 35. Nxd8 Rxd8 36. Rxb5 Nc3 37. Rb6 Bf5 38. Rc6 Ne4 39. b5 Bd7 40. Rd1
1-0

[Event "NM for klubblag"]
[Site "Drammen"]
[Date "2010.10.09"]
[Round "4"]
[White "Romsdal, Jørn"]
[Black "Haugland, Rasmus L"]
[Result "0-1"]
[WhiteElo "1392"]
[BlackElo "1094"]
[PlyCount "68"]
[EventDate "2011.??.??"]
[WhiteTeam "Alta Sjakklubb"]
[BlackTeam "Modum Sjakklubb"]

1. e4 c5 2. Nf3 Nc6 3. d4 cxd4 4. Nxd4 e5 5. Nf3 Nf6 6. Bg5 h6 7. Bh4 Be7 8.
Bxf6 Bxf6 9. Bc4 d6 10. h3 O-O 11. Nc3 Re8 12. Nd5 Be6 13. O-O Rb8 14. Bb5 Bg5
15. c3 a6 16. Ba4 b5 17. Bb3 Na5 18. Nxg5 Qxg5 19. Qf3 Nxb3 20. axb3 Bxd5 21.
exd5 Ra8 22. Rfe1 Qd2 23. Re2 Qg5 24. Qe3 Qxe3 25. Rxe3 f5 26. f4 e4 27. Kf2
Kf7 28. Re2 Kf6 29. Ke3 g5 30. g4 gxf4+ 31. Kxf4 Re5 32. gxf5 Rxf5+ 33. Kxe4
Re8+ 34. Kd3 Rxd5+ 0-1

[Event "NM for klubblag"]
[Site "Drammen"]
[Date "2010.10.09"]
[Round "4"]
[White "Stefansson, Ingthor"]
[Black "Undheim, Bjarne"]
[Result "1-0"]
[WhiteElo "1851"]
[BlackElo "1764"]
[PlyCount "71"]
[EventDate "2011.??.??"]
[WhiteTeam "Drammens SK 2"]
[BlackTeam "OSS 3"]

1. b4 d5 2. Bb2 Bf5 3. e3 Nd7 4. Nf3 e6 5. c4 Ngf6 6. cxd5 Nxd5 7. a3 N5f6 8.
Be2 Bd6 9. d3 Bg4 10. Nbd2 c6 11. h3 Bxf3 12. Nxf3 Qc7 13. Rc1 Rc8 14. e4 O-O
15. O-O Qb8 16. Qa4 c5 17. Rfe1 b5 18. Qb3 Bf4 19. Rcd1 Rc7 20. g3 Bh6 21. Qa2
Qb7 22. Bc1 Bxc1 23. Rxc1 Rfc8 24. Qb1 cxb4 25. axb4 Nb6 26. Nd2 Na4 27. Bf3
Nc3 28. Qa1 Qc6 29. Nb1 Qd7 30. Nxc3 Qxd3 31. Re3 Qd4 32. Qb2 a5 33. Rd1 Qe5
34. bxa5 Rxc3 35. Rxc3 Qxc3 36. Qxc3 1-0

[Event "NM for klubblag"]
[Site "Drammen"]
[Date "2010.10.09"]
[Round "4"]
[White "Rundgren, Anders"]
[Black "Mather, Robert"]
[Result "1/2-1/2"]
[WhiteElo "1745"]
[BlackElo "1334"]
[PlyCount "57"]
[EventDate "2011.??.??"]
[WhiteTeam "OSS 3"]
[BlackTeam "Drammens SK 2"]

1. e4 e5 2. Nf3 Nc6 3. Bb5 Nge7 4. O-O d6 5. c3 Bd7 6. d4 exd4 7. cxd4 a6 8.
Bc4 h6 9. Nc3 Bg4 10. Be3 Qd7 11. Rc1 Ng6 12. Be2 Bxf3 13. Bxf3 Be7 14. Nd5 Bg5
15. Bg4 Qd8 16. f4 Be7 17. f5 Nf8 18. Qa4 Nd7 19. Rf2 Bg5 20. Qc4 Rc8 21. Bh5
O-O 22. Bf4 Nf6 23. Bxg5 hxg5 24. Nxf6+ Qxf6 25. Rd1 Rfe8 26. Re2 Re7 27. Bf3
Rd8 28. Qd5 Rde8 29. a3 1/2-1/2

[Event "NM for klubblag"]
[Site "Drammen"]
[Date "2010.10.09"]
[Round "4"]
[White "Jacobsen, Maria Pitz"]
[Black "Haga, Halvor"]
[Result "0-1"]
[WhiteElo "1751"]
[BlackElo "1961"]
[PlyCount "58"]
[EventDate "2011.??.??"]
[WhiteTeam "Vålerenga Sjakklubb"]
[BlackTeam "Black Knights 2"]

1. e4 Nf6 2. e5 Nd5 3. c4 Nb6 4. d4 d6 5. exd6 exd6 6. Nc3 Be7 7. Be3 Nc6 8.
Bd3 O-O 9. a3 d5 10. c5 Nc4 11. Bf4 a6 12. Bxc7 Qd7 13. Qh5 f5 14. Bxc4 dxc4
15. Bb6 Qxd4 16. Rd1 Qe5+ 17. Qe2 Bf6 18. Qxe5 Nxe5 19. Rd2 Nd3+ 20. Kd1 Bd7
21. Kc2 Rae8 22. Nge2 Bc6 23. f3 Bg5 24. Rdd1 Nf2 25. Rhf1 Rxe2+ 26. Nxe2 Ba4+
27. Kb1 Nxd1 28. f4 Bf6 29. Re1 Nxb2 0-1

[Event "NM for klubblag"]
[Site "Drammen"]
[Date "2010.10.09"]
[Round "4"]
[White "Andersen, Øystein"]
[Black "Mundal, Arnold"]
[Result "0-1"]
[WhiteElo "1867"]
[BlackElo "1794"]
[PlyCount "76"]
[EventDate "2011.??.??"]
[WhiteTeam "Black Knights 2"]
[BlackTeam "Vålerenga Sjakklubb"]

1. c4 Nf6 2. Nf3 b6 3. d4 Bb7 4. Nc3 e6 5. Qc2 c5 6. Bg5 Bxf3 7. gxf3 cxd4 8.
Nb5 Nc6 9. O-O-O e5 10. f4 a6 11. fxe5 axb5 12. exf6 gxf6 13. cxb5 Ne7 14. Bxf6
Rc8 15. Bxh8 Rxc2+ 16. Kxc2 Qa8 17. Rg1 Qa4+ 18. Kd2 Bh6+ 19. e3 dxe3+ 20. fxe3
Bxe3+ 21. Kxe3 Qxd1 22. Kf2 Ng6 23. Bc3 Qd5 24. Rg3 f5 25. Rd3 Qc5+ 26. Bd4
Qc2+ 27. Kg1 Qc7 28. Re3+ Kf7 29. Rc3 Qd6 30. Bc4+ Kf8 31. Rd3 Qf4 32. Bb3 Ne5
33. Bxe5 Qxe5 34. Rxd7 Qe3+ 35. Kg2 f4 36. Bd5 Qe2+ 37. Kh3 Qh5+ 38. Kg2 Qg4+
0-1

[Event "NM for klubblag"]
[Site "Drammen"]
[Date "2010.10.09"]
[Round "4"]
[White "Tari, Aryan"]
[Black "Wister, Tom R"]
[Result "0-1"]
[WhiteElo "1999"]
[BlackElo "1615"]
[PlyCount "70"]
[EventDate "2010.10.08"]
[WhiteTeam "Asker Schakklubb 2"]
[BlackTeam "Kirkegata Sjakklubb"]

1. e4 e6 2. d4 d5 3. Nc3 Bb4 4. e5 c5 5. a3 Bxc3+ 6. bxc3 Ne7 7. Nf3 Nbc6 8. a4
cxd4 9. cxd4 Qc7 10. Ba3 O-O 11. Bd3 f5 12. exf6 Rxf6 13. Bxh7+ Kxh7 14. Ng5+
Kg6 15. Bc1 e5 16. h4 Rf5 17. g4 Rxg5 18. Bxg5 Nxd4 19. Qd3+ Kf7 20. c3 Ne6 21.
Rc1 Nxg5 22. hxg5 Bxg4 23. g6+ Nxg6 24. Rg1 Qd7 25. Rb1 b6 26. Rxg4 Qxg4 27.
Qxd5+ Kf6 28. Qc6+ Kg5 29. Qxa8 Qg1+ 30. Kd2 Qxb1 31. Qg2+ Kf5 32. Qh3+ Kf6 33.
Qf3+ Qf5 34. Qc6+ Qe6 35. Qf3+ Nf4 0-1

[Event "NM for klubblag"]
[Site "Drammen"]
[Date "2010.10.09"]
[Round "4"]
[White "Hovden, Hans"]
[Black "Strand, Kjetil"]
[Result "0-1"]
[WhiteElo "1576"]
[BlackElo "1919"]
[PlyCount "68"]
[EventDate "2010.10.08"]
[WhiteTeam "Kirkegata Sjakklubb"]
[BlackTeam "Asker Schakklubb 2"]

1. c4 e5 2. Nc3 Nf6 3. Nf3 Nc6 4. e3 Bb4 5. Qc2 O-O 6. a3 Bxc3 7. Qxc3 Re8 8.
b4 e4 9. Nd4 Ne5 10. Be2 d6 11. Bb2 c5 12. Nb3 b6 13. b5 Bg4 14. Bxg4 Nfxg4 15.
h3 Nd3+ 16. Ke2 Nge5 17. Nc1 Nxb2 18. Qxb2 Qg5 19. Kf1 Re6 20. Qc2 Qf5 21. f4
h5 22. Ke2 Ng6 23. g3 Rd8 24. Nb3 d5 25. cxd5 Rxd5 26. Rag1 Red6 27. g4 Qd7 28.
Qxe4 Qxb5+ 29. Kf3 Qxb3 30. Qe8+ Nf8 31. gxh5 Rxh5 32. h4 Qd5+ 33. e4 Qd3+ 34.
Kg4 Qe2+ 0-1

[Event "NM for klubblag"]
[Site "Drammen"]
[Date "2010.10.09"]
[Round "4"]
[White "Gonzales, Francisco"]
[Black "Steinkellner, Rudolf"]
[Result "1-0"]
[WhiteElo "1750"]
[BlackElo "1433"]
[PlyCount "63"]
[EventDate "2010.10.08"]
[WhiteTeam "Asker Schakklubb 2"]
[BlackTeam "Kirkegata Sjakklubb"]

1. e4 c6 2. Nf3 d5 3. exd5 cxd5 4. Nc3 Bg4 5. h3 Bh5 6. Bb5+ Nc6 7. g4 Bg6 8.
Ne5 Qd6 9. d4 f6 10. Nxg6 hxg6 11. Qf3 e6 12. Bf4 Qd7 13. O-O-O Bd6 14. Bd3
O-O-O 15. Bb5 Bxf4+ 16. Qxf4 Qd6 17. Qe3 Nh6 18. Bd3 g5 19. Rhe1 Rhe8 20. Ne2
e5 21. dxe5 fxe5 22. Qxg5 e4 23. Bb5 Re5 24. Qf4 g5 25. Qg3 Rf8 26. Ng1 Rf4 27.
Bxc6 bxc6 28. Re3 d4 29. Ne2 Qf6 30. Nxd4 Rxf2 31. Nxc6 Rb5 32. Nxa7+ 1-0

[Event "NM for klubblag"]
[Site "Drammen"]
[Date "2010.10.09"]
[Round "4"]
[White "Wister, Finn Arild"]
[Black "Lilleseth, Eivind"]
[Result "0-1"]
[WhiteElo "1312"]
[BlackElo "1598"]
[PlyCount "56"]
[EventDate "2010.10.08"]
[WhiteTeam "Kirkegata Sjakklubb"]
[BlackTeam "Asker Schakklubb 2"]

1. b4 e5 2. Bb2 d6 3. e3 Nf6 4. Nf3 Be7 5. c4 O-O 6. Be2 a6 7. O-O Re8 8. a4 h6
9. d4 e4 10. Nfd2 Bf5 11. Nc3 d5 12. cxd5 Nxd5 13. Nxd5 Qxd5 14. b5 c6 15. bxc6
Nxc6 16. Nc4 Rad8 17. Ba3 Bxa3 18. Rxa3 b5 19. axb5 axb5 20. Nb6 Qd6 21. Rb3 b4
22. Nc4 Qg6 23. f3 exf3 24. Bxf3 Bc2 25. Bh5 Bxd1 26. Bxg6 Bxb3 27. Bxf7+ Kh8
28. Bxe8 Rxe8 0-1

[Event "NM for klubblag"]
[Site "Drammen"]
[Date "2010.10.09"]
[Round "4"]
[White "Hansen, Erle Andrea Marki"]
[Black "Johansen, Pål Hermunn"]
[Result "1/2-1/2"]
[WhiteElo "1659"]
[BlackElo "1607"]
[PlyCount "30"]
[EventDate "2010.10.08"]
[WhiteTeam "Kristiansand Sjakklubb"]
[BlackTeam "Akademisk SK 2"]

1. d4 Nf6 2. Nf3 g6 3. g3 Bg7 4. Bg2 O-O 5. c4 d6 6. O-O Nbd7 7. b3 e5 8. e3
exd4 9. exd4 Ne4 10. Bb2 Ndf6 11. Nbd2 c6 12. Re1 d5 13. Ne5 Nxd2 14. Qxd2 Be6
15. Rac1 h5 1/2-1/2

[Event "NM for klubblag"]
[Site "Drammen"]
[Date "2010.10.09"]
[Round "4"]
[White "Fjellheim, Marius"]
[Black "Arntsen, Frode"]
[Result "1-0"]
[WhiteElo "1378"]
[BlackElo "1552"]
[PlyCount "29"]
[EventDate "2010.10.08"]
[WhiteTeam "Akademisk SK 2"]
[BlackTeam "Kristiansand Sjakklubb"]

1. e4 c5 2. b4 cxb4 3. a3 bxa3 4. Nxa3 e5 5. Nf3 Nc6 6. Bc4 a6 7. d4 Bb4+ 8.
Bd2 Bxd2+ 9. Qxd2 Qf6 10. O-O Nxd4 11. Nxd4 exd4 12. Nb5 Qc6 13. Qxd4 Kf8 14.
Nd6 Nh6 15. Qe5 1-0

[Event "NM for klubblag"]
[Site "Drammen"]
[Date "2010.10.09"]
[Round "4"]
[White "Aabid, Ryaad"]
[Black "Tveit, Geir"]
[Result "0-1"]
[WhiteElo "1487"]
[BlackElo "1493"]
[PlyCount "102"]
[EventDate "2010.10.08"]
[WhiteTeam "Kristiansand Sjakklubb"]
[BlackTeam "Akademisk SK 2"]

1. e4 d5 2. exd5 Nf6 3. Nc3 Nxd5 4. d4 Bf5 5. Nxd5 Qxd5 6. Nf3 Qe4+ 7. Be3 Qxc2
8. Qxc2 Bxc2 9. Rc1 Be4 10. Nd2 Bc6 11. Bf4 e6 12. Bxc7 Bb4 13. a3 Bxd2+ 14.
Kxd2 O-O 15. Ba5 Nd7 16. f3 Rac8 17. Bd3 Nf6 18. Bc3 Nd5 19. Be4 Rfe8 20. Ke1
Nf4 21. Bxc6 Rxc6 22. Kf1 Rec8 23. Rd1 Nd5 24. Bd2 Rc2 25. Ke2 Rxb2 26. Rc1
Rcc2 27. Rxc2 Rxc2 28. Rc1 Nf4+ 29. Kf1 Rxc1+ 30. Bxc1 Nd5 31. Bd2 Kf8 32. Ke2
Ke7 33. Kd3 Kd6 34. g3 b5 35. h4 g6 36. g4 f5 37. h5 Nb6 38. hxg6 hxg6 39. gxf5
gxf5 40. Bh6 Nd5 41. Bd2 Nb6 42. Bh6 Kd5 43. Bf8 a6 44. Bh6 Nc4 45. Kc3 Nxa3
46. Bg7 Nc4 47. Bh8 a5 48. Bg7 b4+ 49. Kd3 a4 50. Bh6 a3 51. Kc2 a2 0-1